| 000 | 00337nam a2200121Ia 4500 | ||
|---|---|---|---|
| 005 | 20260328104257.0 | ||
| 008 | 260328s9999||||xx |||||||||||||| ||und|| | ||
| 100 | _aCorrea, Felipe | ||
| 245 | 2 |
_aA Line The Andes; Una Linea En Los Andes / _cFelipe Correa |
|
| 260 | _bApplied Research + Design Publishing | ||
| 650 | _aPERÚ | ||
| 942 | _cBK | ||
| 999 |
_c10457 _d10457 |
||